00278nam a22001217a 4500003000400000008004100004020002200045082001400067100001800081245001700099260003200116300000800148OSt220521b ||||| |||| 00| 0 eng d a978-93-9116-548-2 a181.4 WAD aWARIKOO,Ankur aDo Epic Shit aNew DelhibJuggernautc2021 a293